000 00771nam a22002177a 4500
005 20081022122337.0
008 081022t xxu||||| |||| 00| 0 eng d
010 _aENG-84316
020 _a0195683455
020 _c695.00 (hb)
035 _aEN-67849
082 _a629.43
100 _aSanakr, U
245 _aThe Economics of India's space programme :
_ban exploratory Analysis /
_cby U Sankar
260 _aNew Delhi
_bOxford University Press
260 _c2007
300 _axiii,312p
_c24cm
500 _aIncludes bibliographical references
942 _2ddc
_cEN
_h629.43
_m SAN
999 _c17654
_d17654